MAJOR ISSUES IN TANZANIA ECONOMIC HISTORY: (Record no. 3538)

000 -LEADER
fixed length control field 00440nam a22001097a 4500
008 - FIXED-LENGTH DATA ELEMENTS--GENERAL INFORMATION
fixed length control field 151013b xxu||||| |||| 00| 0 eng d
020 ## - INTERNATIONAL STANDARD BOOK NUMBER
International Standard Book Number 000000000394
082 ## -
Classification number 330.06 78 MPA
100 ## - MAIN ENTRY--PERSONAL NAME
Personal name MPANGALA GAUDENS, P
245 ## - TITLE STATEMENT
Title MAJOR ISSUES IN TANZANIA ECONOMIC HISTORY:
Remainder of title STAE POLICIES AND THE QUESTION OF TRANSFORMATION OF PEASANT AGRICULTURE THROUGH A HUNDRED YEARS, 1891-1990
260 ## - PUBLICATION, DISTRIBUTION, ETC. (IMPRINT)
Place of publication, distribution, etc. DAR ES SALAAM
Name of publisher, distributor, etc. INSTITUTE OF KISWAHILI RESEARCH
Date of publication, distribution, etc. 2000

No items available.

IRDP © 2019 :: Managed by IRDP ICT Unit